Lord's Prayer Words (A-Z) Quiz Stats

 Plays Quiz Updated Jan 26, 2018

Challenge
Share
Tweet
Embed
Score 0/17 Timer 01:00
10 Plays Today
Word % Correct
Aart...
98.2%
Bbe…
95.5%
Ffather…
94.2%
Hheaven...
92.5%
Iin…
92%
Tthy...
91.6%
Ddone…
88.5%
Oour…
88.1%
Wwho…
85.3%
Word % Correct
Nname…
84.4%
Kkingdom
83.9%
EEarth…
83.2%
Ccome
80.6%
Ggive…
76.8%
Uus
62.2%
Llead
45.5%
Ppower
30.3%

You're not logged in!

Compare scores with friends on all Sporcle quizzes.
Join for Free
OR
Log In

You Might Also Like...

Show Comments

Extras

Top Quizzes Today


Score Distribution

Your Account Isn't Verified!

In order to create a playlist on Sporcle, you need to verify the email address you used during registration. Go to your Sporcle Settings to finish the process.

Report this User

Report this user for behavior that violates our Community Guidelines.

Details: